Visualizzazione normale
Vista MARC
- REPORTAGE [COMPACT DISC]
di Topical Term
Records bibliografici associati: 1
001 - CONTROL NUMBER
- control field: 27770
003 - CONTROL NUMBER IDENTIFIER
- control field: IT-RoPau
005 - DATE AND TIME OF LATEST TRANSACTION
- control field: 20140529102818.0
008 - FIXED-LENGTH DATA ELEMENTS
- fixed length control field: 140529|| aca||aabn | a|a d
040 ## - CATALOGING SOURCE
- Original cataloging agency: IT-RoPau
- Transcribing agency: IT-RoPau
150 ## - HEADING--TOPICAL TERM
- Topical term or geographic name entry element: REPORTAGE [COMPACT DISC]
- : Codice MATERIA SPICS: 9949
670 ## - SOURCE DATA FOUND
- Source citation: Work cat.: (IT-RoPau)102221: Welles Orson 27767, Guerre des mondes (La)